| 000 | 01166cam a2200313 a 4500 | ||
|---|---|---|---|
| 001 | 13667304 | ||
| 005 | 20221220092624.0 | ||
| 008 | 020912s2001 pk b 001 0 eng | ||
| 010 | _a 2002342054 | ||
| 020 | _a9694082188 | ||
| 025 | _aP-E-2002342054; 07; 08 | ||
| 035 | _a(DLC) 2002342054 | ||
| 040 |
_aDLC _cDLC |
||
| 042 | _alcode | ||
| 043 | _aa-pk--- | ||
| 050 | 0 | 0 |
_aDS384 _b.M85 2001 |
| 082 | _a320.50954,MUJ | ||
| 100 | 1 |
_aMujahid, Sharif. _9105251 |
|
| 245 | 1 | 0 |
_aIdeology of Pakistan / _cSharif al-Mujahid. |
| 260 |
_aIslamabad : _bIslamic Research Institute, International Islamic University, _c2001. |
||
| 300 |
_axxx, 236 p. ; _c22 cm. |
||
| 505 | _aThe need for an ideology (Page-1), The historical base (Page-18), The basis of muslim nationhood and of Pakistan (Page-49), Bangladesh: ideological disruption? (Page-85), Ideology: the basic ingredients (Page-126). | ||
| 650 | 0 | _aPakistan movement. | |
| 650 | 0 |
_aIslam and state _zPakistan. |
|
| 651 | 0 |
_aPakistan _xPolitics and government. |
|
| 906 |
_a7 _bcbc _corigode _d3 _encip _f20 _gy-gencatlg |
||
| 942 |
_2ddc _cBK _k320.50954,MUJ |
||
| 999 |
_c592731 _d592731 |
||